Statistics for How I Met Your Mother (Part 2) Medium

Click here to take the quiz!

General Stats

  • This quiz has been taken 6,567 times
    (6,563 since last reset)
  • The average score is 12 of 16

Answer Stats

Hint Answer % Correct
Barney: "Legen __________ dary"Wait for it
99%
Barney: "Challenge ________"Accepted
97%
Barney: "_____ Up"Suit
96%
What Ted said to Robin on the first date.I love you
93%
The name of the bet that Marshall and Barney made.Slap Bet
91%
The Bar the gang goes to.MacLaren's Pub
89%
Movie that Ted, Marshall, and Barney watch every three years.Star Wars
87%
The thing that attacked Ted on his birthday.The Goat
84%
What Lily's dad is obsessed with.Boardgames
82%
Lily: "Oooh you _________!"Son of a bitch
69%
What might have stolen Marshall's wallet?A Monkey
66%
The hotel adored by Zooey that Ted needs to demolish.The Arcadian
59%
Where Ted and Barney met.The Bathroom
51%
Barney: To leave a date within the first five minutes if one is not entirely satisfied with their date.Lemon Law
50%
Canadian bar in New York.Hoser Hut
43%
College attended by Ted, Marshall, and Lily.Wesleyan
34%

Score Distribution

Percentile by Number Answered

Percent of People with Each Score

Your Score History

You have not taken this quiz since the last reset